ბათუმის შოთა რუსთაველის სახელმწიფო უნივერსიტეტის ბიბლიოთეკა

1832 წლის შეთქმულება. ტ. 1 (ბიბ.ჩანაწერი № 56198)

000 -LEADER
fixed length control field 00816nam a2200229Ia 4500
001 - CONTROL NUMBER
control field 23299
003 - CONTROL NUMBER IDENTIFIER
control field GE_BSU
008 - FIXED-LENGTH DATA ELEMENTS--GENERAL INFORMATION
fixed length control field 181216s||||||||xx |||||||||||||| ||und||
040 ## - CATALOGING SOURCE
Transcribing agency GE_BSU
080 ## - UNIVERSAL DECIMAL CLASSIFICATION NUMBER
Universal Decimal Classification number 94(479.22)"1832
100 ## - MAIN ENTRY--PERSONAL NAME
Personal name გოზალიშვილი, გიორგი
245 ## - TITLE STATEMENT
Title 1832 წლის შეთქმულება. ტ. 1
245 ## - TITLE STATEMENT
Statement of responsibility, etc. რედ. ლ. ციხისთავი.
260 ## - PUBLICATION, DISTRIBUTION, ETC.
Place of publication, distribution, etc. თბილისი
260 ## - PUBLICATION, DISTRIBUTION, ETC.
Name of publisher, distributor, etc. სახ. უნ-ტის გამ-ბა
260 ## - PUBLICATION, DISTRIBUTION, ETC.
Date of publication, distribution, etc. 1935
300 ## - PHYSICAL DESCRIPTION
Extent 528 გვ. : პორტრ., 17 ჩ. ფ. ილ.
653 ## - INDEX TERM--UNCONTROLLED
Uncontrolled term 1832 წლის შეთქმულება საქართველოში
653 ## - INDEX TERM--UNCONTROLLED
Uncontrolled term 1832 წლის შეთქმულება. ტ. 1
942 ## - ADDED ENTRY ELEMENTS (KOHA)
Koha item type წიგნი
ეგზემპლარები
Withdrawn status Lost status Damaged status Not for loan Date acquired Barcode Date last seen Price effective from Koha item type
        2018-12-17 28287 2018-12-17 2018-12-17 წიგნი